States Bordering States that Border Utah - Statistics

General Stats
  • This quiz has been taken 110 times
  • The average score is 8 of 10
Answer Stats
States % Correct
California
93%
Montana
90%
Oregon
90%
Texas
89%
Washington
89%
Kansas
84%
Nebraska
83%
Oklahoma
82%
South Dakota
79%
Utah
24%
No matching quizzes found
Score Distribution
Percent of People with Each Score
Percentile by Number Answered
Your Score History
You have not taken this quiz